000
00218 a2200097 4500
001
43452
100
_a
Shakspeare
245
_a
Winter's Tale
260
_a
London
_b
Cambridge University Press
_c
090
_c
27275
_d
27275
942
_a
NUST-CAE
_c
M
_c
19197
999
_c
278525
_d
278525